00610nam a2200229 a 450000100060000000300090000600800410001502000150005604000280007108200170009910000300011624500600014626000280020630000110023449000120024565000140025765000210027165000170029265000220030965000240033165000250035519201CO-ViMGA141112s2004 ck r 000 u spa d a8427714335 aCO-ViMGAbspacCO-ViMGA04a301.41 G172d1 aGarcia - Mina Freire, Ana10aDesarrollo del genero en la feminidad y la masculinidad aMadrid : bNarcea; 2003 a125 p. aMujeres14aFEMINIDAD14aIDENTIDAD SEXUAL14aMASCULINIDAD14aMUJERES Y HOMBRES14aPSICOLOGIA FEMENINA14aPSICOLOGIA MASCULINA